| 000 | 00720cam a2200205 a 4500 | ||
|---|---|---|---|
| 001 | 000035231 | ||
| 005 | 20200930074207.0 | ||
| 008 | 761026s1974 mx a b 000 0 spa | ||
| 040 |
_aDO-SdBNP _bspa _cBNPHU |
||
| 082 |
_axxxx _bH289c, 1974 |
||
| 100 | 1 |
_aHarnecker, Marta. _912290 |
|
| 245 | 1 | 4 |
_aLos conceptos elementales del materialismo histórico / _cMarta Harnecker ; presentación Louis Althusser. |
| 250 | _a26a ed. | ||
| 260 |
_aMéxico : _bSiglo Veintiuno Editores, _c1974. |
||
| 300 |
_axvi, 341 p. : ; _c19 cm. |
||
| 490 | 1 | _aTeoría y Crítica | |
| 590 | _aPerteneció a la biblioteca personal de Juan Isidro Jimenes Grullón | ||
| 700 | 1 |
_aAlthusser, Louis. _931032 |
|
| 830 | 0 |
_aTeoría y Crítica _931033 |
|
| 999 |
_c34722 _d34722 |
||